000 00752nam a22001817a 4500
999 _c371407
_d371407
008 201127b ||||| |||| 00| 0 eng d
040 _aDE-2950
_bger
_cDE-2950
_erda
041 _ager
245 _aAls Ellentie Liebling der Kinder.
_bNachruf: Ellen Tiedtke eckte immer wieder bei den DDR-Oberen an. Jetzt ist die Schauspielerin und Kabarettistin gestorben /
_cdpa
264 _c2022
653 _aTiedtke, Ellen; Musikerin, Schauspielerin, 1930-2022
653 _aKleist-Theater / Spielzeit 1955/56
773 _dFrankfurt (Oder) Märkisches Verlags- und Druckhaus GmbH & Co KG
_tMärkische Oderzeitung
_g33. Jahrgang (2022) Nr. 28 vom 03.02.2022, S. 18: Foto
942 _cA